HIGH COURT CRIMINAL SESSION No. 558 of 1968 Uganda Vs Anna Achan (Record no. 6141)

MARC details
000 -LEADER
fixed length control field 00464nam a22001097a 4500
008 - FIXED-LENGTH DATA ELEMENTS--GENERAL INFORMATION
fixed length control field 150615b xxu||||| |||| 00| 0 eng d
010 ## - LIBRARY OF CONGRESS CONTROL NUMBER
Field link and sequence number HCCRSF:001
245 ## - TITLE STATEMENT
Title HIGH COURT CRIMINAL SESSION No. 558 of 1968 Uganda Vs Anna Achan
260 ## - PUBLICATION, DISTRIBUTION, ETC. (IMPRINT)
Place of publication, distribution, etc High Court Kampala
500 ## - GENERAL NOTE
Materials specified (riginal Criminal Case No. MMB. 379 of 1968 in the magistrate's Court of Ankole at mbarara- Before: E.S. Mbazira, Esq-Chief Magistrate.)
500 ## - GENERAL NOTE
Materials specified Before: The Honourable Mr. Justice W.H.Goudie
Holdings
Withdrawn status Lost status Source of classification or shelving scheme Damaged status Koha normalized classification for sorting Not for loan Location (home branch) Sublocation or collection (holding branch) Shelving location Date acquired Koha issues (times borrowed) Koha full call number Piece designation (barcode) Koha date last seen Price effective from Koha item type
    Dewey Decimal Classification   HCCRSF_001   Archives Archives Archives 06/15/2015   HCCrSF:001 0333/2015 06/15/2015 06/15/2015 Un Reported Cases